Principles of developmental biology / (Record no. 328833)

000 -LEADER
fixed length control field 00935cam a22002654a 4500
001 - CONTROL NUMBER
control field 13727739
003 - CONTROL NUMBER IDENTIFIER
control field ASAB
005 - DATE AND TIME OF LATEST TRANSACTION
control field 20170417162721.0
008 - FIXED-LENGTH DATA ELEMENTS--GENERAL INFORMATION
fixed length control field 040922s2004 nyua b 001 0 eng
010 ## - LIBRARY OF CONGRESS CONTROL NUMBER
LC control number 2004302550
015 ## - NATIONAL BIBLIOGRAPHY NUMBER
National bibliography number GBA3-V3220
020 ## - INTERNATIONAL STANDARD BOOK NUMBER
International Standard Book Number 0-393-97430-8
040 ## - CATALOGING SOURCE
Original cataloging agency DLC
Transcribing agency DLC
Modifying agency DLC
042 ## - AUTHENTICATION CODE
Authentication code pcc
050 00 - LIBRARY OF CONGRESS CALL NUMBER
Classification number QH491
Item number .W558 2004
082 00 - DEWEY DECIMAL CLASSIFICATION NUMBER
Classification number 571.8
Edition number 22
100 1# - MAIN ENTRY--PERSONAL NAME
Personal name Wilt, Fred H.
245 10 - TITLE STATEMENT
Title Principles of developmental biology /
Statement of responsibility, etc. Fred H. Wilt & Sarah Hake.
260 ## - PUBLICATION, DISTRIBUTION, ETC.
Place of publication, distribution, etc. New York :
Name of publisher, distributor, etc. W.W. Norton,
Date of publication, distribution, etc. c2004.
300 ## - PHYSICAL DESCRIPTION
Extent xxiii, 430 p. :
Other physical details ill. (some col.) ;
Dimensions 29 cm.
504 ## - BIBLIOGRAPHY, ETC. NOTE
Bibliography, etc. note Includes bibliographical references and indexes.
650 #0 - SUBJECT ADDED ENTRY--TOPICAL TERM
Topical term or geographic name entry element Developmental biology.
700 1# - ADDED ENTRY--PERSONAL NAME
Personal name Hake, Sarah.
906 ## - LOCAL DATA ELEMENT F, LDF (RLIN)
a 7
b cbc
c origcop
d 2
e ncip
f 20
g y-gencatlg
942 ## - ADDED ENTRY ELEMENTS (KOHA)
Source of classification or shelving scheme
Koha item type Book
Holdings
Withdrawn status Lost status Source of classification or shelving scheme Damaged status Not for loan Collection code Permanent Location Current Location Date acquired Total Checkouts Full call number Barcode Date last seen Price effective from Koha item type
            Central Library (CL) Central Library (CL) 04/17/2017   571.8 WIL ASAB2004 04/17/2017 04/17/2017 Book
© 2023 Central Library, National University of Sciences and Technology. All Rights Reserved.